| 000 | 00685nam a2200241 i 4500 | ||
|---|---|---|---|
| 001 | 43004 | ||
| 003 | ES-MaACL | ||
| 005 | 20250727022514.0 | ||
| 007 | t| | ||
| 008 | 030314s1981 sp ||||1| spa d | ||
| 020 | _a84-301-0852-1 | ||
| 080 | _a130.123 | ||
| 100 | 1 |
_aCencillo, Luis. _937397 |
|
| 245 | 1 | 0 |
_aÚltima pregunta : _bparadojas de la madurez y del poder / _cLuis Cencillo. |
| 260 |
_aSalamanca : _bSígueme, _c1981. |
||
| 300 |
_a341 p. ; _c22 cm. |
||
| 490 | 1 |
_aHermeneia ; _v18 |
|
| 650 | 7 |
_aAntropología filosófica _2embne _99891 |
|
| 830 | 1 |
_aHermeneia ; _v18 _9180905 |
|
| 852 |
_aES-MaACL _jL-2814 |
||
| 852 |
_aES-MaACL _jG-15446 |
||
| 999 |
_c43004 _d43004 |
||